Hugo Award for Best Novel Winners - Statistics

General Stats
  • This quiz has been taken 38 times
    6 since last reset
  • The average score is 33 of 52
Answer Stats
Year Author % Correct
1990 Dan Simmons
100%
1966 Frank Herbert
100%
1973, 1983 Isaac Asimov
100%
1981 Joan D. Vinge
100%
1971 Larry Niven
100%
1986, 1987 Orson Scott Card
100%
1963 Philip K. Dick
100%
1956, 1960, 1962, 1967 Robert A. Heinlein
100%
1970, 1975 Ursula K. Le Guin
100%
1993, 2000, 2007 Vernor Vinge
100%
1974, 1980 Arthur C. Clarke
80%
2015 Cixin Liu
80%
1984, 1988 David Brin
80%
1978 Frederik Pohl
80%
2001 J. K. Rowling
80%
1976, 1998 Joe Haldeman
80%
1969 John Brunner
80%
2015 Ken Liu
80%
1994, 1997 Kim Stanley Robinson
80%
2002, 2009 Neil Gaiman
80%
1972 Philip José Farmer
80%
1966, 1968 Roger Zelazny
80%
2005 Susanna Clarke
80%
1979 Vonda N. McIntyre
80%
1985 William Gibson
80%
1953 Alfred Bester
60%
2020, 2022 Arkady Martine
60%
2010 China Miéville
60%
1982, 1989 C. J. Cherryh
60%
1964 Clifford D. Simak
60%
1958, 1965 Fritz Leiber
60%
1959 James Blish
60%
2012 Jo Walton
60%
1996 Neal Stephenson
60%
1961 Walter M. Miller, Jr.
60%
1993, 1999, 2011 Connie Willis
40%
2013 John Scalzi
40%
1991, 1992, 1995, 2004 Lois McMaster Bujold
40%
2008 Michael Chabon
40%
2016, 2017, 2018 N. K. Jemisin
40%
2010 Paolo Bacigalupi
40%
2006 Robert Charles Wilson
40%
2014 Ann Leckie
20%
2024 Emily Tesh
20%
1955 Frank Riley
20%
1977 Kate Wilhelm
20%
1955 Mark Clifton
20%
2021 Martha Wells
20%
2019 Mary Robinette Kowal
20%
2025 Robert Jackson Bennett
20%
2003 Robert J. Sawyer
20%
2023 Ursula Vernon
20%
No matching quizzes found
Score Distribution
Percent of People with Each Score
Percentile by Number Answered
Your Score History
You have not taken this quiz since the last reset